| 000 | 00535nam a22001697a 4500 | ||
|---|---|---|---|
| 003 | NUST | ||
| 038 | _aNusrat Nadeem | ||
| 082 | _a200 | ||
| 100 |
_aAsif, Ezza _9120301 |
||
| 245 |
_aUnderstanding the Complexities of Child Undernutrition: A Multilevel Analysis/ _cEzza Asif, |
||
| 264 |
_aIslamabad, _bS3H NUST, _c2023. |
||
| 300 |
_aill: _b93,p: _c30,cm. |
||
| 650 |
_aMS-Economics _9123068 |
||
| 700 |
_aSupervisor: Dr. Tanweer Ul Islam _9114392 |
||
| 856 | _uhttp://10.250.8.41:8080/xmlui/handle/123456789/41440 | ||
| 942 |
_2ddc _cSC |
||
| 999 |
_c607663 _d607663 |
||